Ad Lucilium epistulae morales / (Record no. 30883)
[ view plain ]
| 000 -LEADER | |
|---|---|
| fixed length control field | 01382cam a2200361 a 4500 |
| 001 - CONTROL NUMBER | |
| control field | 30883 |
| 003 - CONTROL NUMBER IDENTIFIER | |
| rucl marc code | BD-RjUL |
| 005 - DATE AND TIME OF LATEST TRANSACTION | |
| control field | 20211209051629.0 |
| 008 - FIXED-LENGTH DATA ELEMENTS--GENERAL INFORMATION | |
| fixed length control field | 140412r19531917enk b 001 0 lat d |
| 035 ## - SYSTEM CONTROL NUMBER | |
| System control number | oxf98310554 |
| -- | (BD-RjUL)30970 |
| System control number | (OCoLC)1430841 |
| 040 ## - CATALOGING SOURCE | |
| Original cataloging agency | KSU |
| Modifying agency | OCL |
| -- | m.c |
| -- | EQO |
| -- | BD-RjUL |
| Language of cataloging | eng |
| Transcribing agency | UkOxU |
| 041 1# - LANGUAGE CODE | |
| Language code of text/sound track or separate title | lat |
| -- | eng |
| Language code of original | lat |
| 082 04 - DEWEY DECIMAL CLASSIFICATION NUMBER | |
| Classification number | 188 |
| Author mark and year | SEA 1953 |
| 090 ## - LOCALLY ASSIGNED LC-TYPE CALL NUMBER (OCLC); LOCAL CALL NUMBER (OCLC) | |
| Classification number (OCLC) (R) ; Classification number, CALL (RLIN) (NR) | PA6156.S4 |
| Local cutter number (OCLC) ; Book number/undivided call number, CALL (RLIN) | E6 1917 |
| 099 ## - LOCAL FREE-TEXT CALL NUMBER (OCLC) | |
| Bangla Class number | *ML A.8AE.SEN2 - 5LUC-L - B7 |
| 100 1# - MAIN ENTRY--PERSONAL NAME | |
| Personal name | Seneca, Lucius Annaeus, |
| Dates associated with a name | approximately 4 B.C.-65 A.D. |
| 9 (RLIN) | 70007 |
| 245 10 - TITLE STATEMENT | |
| Title | Ad Lucilium epistulae morales / |
| Statement of responsibility, etc. | Seneca ; with an English translation by Richard M. Gummere. |
| Number of part/section of a work | Volume. I |
| 246 30 - VARYING FORM OF TITLE | |
| Title proper/short title | Epistulae morales |
| 260 ## - PUBLICATION, DISTRIBUTION, ETC. (IMPRINT) | |
| Place of publication, distribution, etc. | London : |
| Name of publisher, distributor, etc. | Heinemann ; |
| Place of publication, distribution, etc. | Cambridge, Mass. : |
| Name of publisher, distributor, etc. | Harvard University Press, |
| Date of publication, distribution, etc. | 1917 [Reprinted 1953]. |
| 300 ## - PHYSICAL DESCRIPTION | |
| Pagination | 3 v. ; |
| Size | 17 cm. |
| 490 1# - SERIES STATEMENT | |
| Series statement | Loeb classical library ; |
| Volume/sequential designation | 75-77 |
| Series statement | Seneca in ten volumes ; |
| Volume/sequential designation | 4-6 |
| 500 ## - GENERAL NOTE | |
| General note | Imprint varies. |
| General note | Later printings may include updated bibliographical data. |
| 504 ## - BIBLIOGRAPHY, ETC. NOTE | |
| Bibliography, etc | Bibliography: v. 1, p. xiv-xv. |
| 600 1# - SUBJECT ADDED ENTRY--PERSONAL NAME | |
| Personal name | Seneca, Lucius Annaeus, -- ca. 4 B.C.-65 A.D. -- Epistulae ad Lucilium. |
| 700 1# - ADDED ENTRY--PERSONAL NAME | |
| Personal name | Gummere, Richard M. |
| Fuller form of name | (Richard Mott), |
| Dates associated with a name | 1883- |
| 830 #0 - SERIES ADDED ENTRY--UNIFORM TITLE | |
| Volume number/sequential designation | 75-77. |
| 830 #0 - SERIES ADDED ENTRY--UNIFORM TITLE | |
| Uniform title | Loeb classical library ; |
| 942 ## - ADDED ENTRY ELEMENTS (KOHA) | |
| Source of classification or shelving scheme | Dewey Decimal Classification |
| Koha item type | Books |
| Lost status | Source of classification or shelving scheme | Damaged status | Not for loan | Permanent Location | Current Location | Shelving location | Date acquired | Source of acquisition | Cost, normal purchase price | Total Checkouts | Full call number | Date last seen | Copy number | Koha item type |
|---|---|---|---|---|---|---|---|---|---|---|---|---|---|---|
| Dewey Decimal Classification | Not For Loan | Central Library, University of Rajshahi | Central Library, University of Rajshahi | Reading Room | 09/03/1955 | Simpkai marshall | 15.00 | 188 SEA V-1 1953 | 12/04/2014 | C-1 | Books |